Entre saint Augustin et saint Thomas: les jansénistes et le refuge thomiste (1653 - 1663), à propos des 1re, 2e et 18e Provinciales
| Main Author: | |
|---|---|
| Format: | Print Book |
| Language: | French |
| Subito Delivery Service: | Order now. |
| Check availability: | HBZ Gateway |
| WorldCat: | WorldCat |
| Interlibrary Loan: | Interlibrary Loan for the Fachinformationsdienste (Specialized Information Services in Germany) |
| Published: |
Paris
Nolin
2009
|
| In: |
Univers Port-Royal (14)
Year: 2009 |
| Series/Journal: | Univers Port-Royal
14 |
| Standardized Subjects / Keyword chains: | B
Jansenism
/ Pascal, Blaise 1623-1662, Les provinciales
/ Thomism
|
| Further subjects: | B
Pascal, Blaise <1623-1662>
Provinciales
B Augustine <Saint, Bishop of Hippo> Influence B Thomas <Aquinas, Saint, 1225?-1274> Influence B Jansenists France History 17th century |
MARC
| LEADER | 00000cam a2200000 c 4500 | ||
|---|---|---|---|
| 001 | 61006116X | ||
| 003 | DE-627 | ||
| 005 | 20251223222006.0 | ||
| 007 | tu | ||
| 008 | 091006s2009 fr ||||| 00| ||fre c | ||
| 020 | |a 9782910487386 |c : 30,00 EUR (pbk.) |9 978-2-910487-38-6 | ||
| 035 | |a (DE-627)61006116X | ||
| 035 | |a (DE-576)311117198 | ||
| 035 | |a (DE-599)BSZ311117198 | ||
| 035 | |a (OCoLC)699239103 | ||
| 035 | |a (DE-604)BV035746534 | ||
| 035 | |a (FrPAAL)04536400001 | ||
| 040 | |a DE-627 |b ger |c DE-627 |e rda | ||
| 041 | |a fre | ||
| 044 | |c XA-FR | ||
| 050 | 0 | |a B | |
| 082 | 0 | |a 194 |2 21 | |
| 084 | |a 1 |2 ssgn | ||
| 084 | |a 11.54 |2 bkl | ||
| 100 | 1 | |0 (DE-588)138132941 |0 (DE-627)599506873 |0 (DE-576)306580470 |4 aut |a De Franceschi, Sylvio Hermann |d 1972- | |
| 109 | |a De Franceschi, Sylvio Hermann 1972- |a Franceschi, Sylvio Hermann de 1972- |a Franceschi, Sylvio de 1972- |a De Franceschi, Sylvio 1972- |a Hermann De Franceschi, Sylvio 1972- | ||
| 245 | 1 | 0 | |a Entre saint Augustin et saint Thomas |b les jansénistes et le refuge thomiste (1653 - 1663), à propos des 1re, 2e et 18e Provinciales |c Sylvio Hermann De Franceschi |
| 264 | 1 | |a Paris |b Nolin |c 2009 | |
| 300 | |a 280 S. |c 24 cm | ||
| 336 | |a Text |b txt |2 rdacontent | ||
| 337 | |a ohne Hilfsmittel zu benutzen |b n |2 rdamedia | ||
| 338 | |a Band |b nc |2 rdacarrier | ||
| 490 | 1 | |a Univers Port-Royal |v 14 | |
| 500 | |a Includes bibliographical references and index | ||
| 500 | |a Rezeption | ||
| 583 | 1 | |a Archivierung prüfen |c 20200919 |f DE-640 |z 2 |2 pdager | |
| 583 | 1 | |a Archivierung/Langzeitarchivierung gewährleistet |f SSG |x XA-DE-BW |2 pdager |5 DE-21 | |
| 600 | 1 | 4 | |a Augustine <Saint, Bishop of Hippo> |x Influence |
| 600 | 1 | 4 | |a Thomas <Aquinas, Saint, 1225?-1274> |x Influence |
| 601 | |a Saint Augustine | ||
| 601 | |a Augustiner | ||
| 650 | 4 | |a Pascal, Blaise <1623-1662> |x Provinciales | |
| 650 | 4 | |a Jansenists |x France |x History |x 17th century | |
| 689 | 0 | 0 | |d s |0 (DE-588)4162703-9 |0 (DE-627)104330724 |0 (DE-576)209875488 |2 gnd |a Jansenismus |
| 689 | 0 | 1 | |d u |0 (DE-588)4417944-3 |0 (DE-627)213354179 |0 (DE-576)211368504 |a Pascal, Blaise |2 gnd |d 1623-1662 |t Les provinciales |
| 689 | 0 | 2 | |d s |0 (DE-588)4059924-3 |0 (DE-627)106141643 |0 (DE-576)209132914 |2 gnd |a Thomismus |
| 689 | 0 | |5 (DE-627) | |
| 830 | 0 | |a Univers Port-Royal |v 14 |9 14 |w (DE-627)385362498 |w (DE-576)117658820 |w (DE-600)2143058-5 |x 1636-7332 |7 am | |
| 935 | |a mteo |a AUGU | ||
| 935 | |i Blocktest | ||
| 936 | b | k | |a 11.54 |j Katholizismus |0 (DE-627)106402668 |
| 951 | |a BO | ||
| ELC | |b 1 | ||
| ITA | |a 1 |t 1 | ||
| LOK | |0 000 xxxxxcx a22 zn 4500 | ||
| LOK | |0 001 3244035442 | ||
| LOK | |0 003 DE-627 | ||
| LOK | |0 004 61006116X | ||
| LOK | |0 005 20091117114823 | ||
| LOK | |0 008 090924||||||||||||||||ger||||||| | ||
| LOK | |0 040 |a DE-21 |c DE-627 |d DE-21 | ||
| LOK | |0 852 |a DE-21 | ||
| LOK | |0 852 1 |c 49 A 10822 |9 00 | ||
| LOK | |0 935 |a theo | ||
| LOK | |0 936ln |a t3.4 | ||
| LOK | |0 938 |a 0911 |f 2 | ||
| LOK | |0 939 |a 24-09-09 |b l01 | ||
| LOK | |0 000 xxxxxcx a22 zn 4500 | ||
| LOK | |0 001 4232086013 | ||
| LOK | |0 003 DE-627 | ||
| LOK | |0 004 61006116X | ||
| LOK | |0 005 20221220151426 | ||
| LOK | |0 008 221215||||||||||||||||ger||||||| | ||
| LOK | |0 035 |a (DE-Tue135-4)zaf-35253 | ||
| LOK | |0 040 |a DE-Tue135-4 |c DE-627 |d DE-Tue135-4 | ||
| LOK | |0 092 |o n | ||
| LOK | |0 689 |a s |0 1826902201 |a gratia | ||
| LOK | |0 852 |a DE-Tue135-4 | ||
| LOK | |0 852 1 |9 00 | ||
| LOK | |0 935 |a wumi | ||
| LOK | |0 939 |a 15-12-22 |b l01 | ||
| ORI | |a SA-MARC-ixtheoa001.raw | ||
| REL | |a 1 | ||
| STA | 0 | 0 | |a Jansenism,Thomism |
| STB | 0 | 0 | |a Jansénisme,Thomisme |
| STC | 0 | 0 | |a Jansenismo,Tomismo |
| STD | 0 | 0 | |a Giansenismo,Tomismo |
| STE | 0 | 0 | |a 托马斯主义,多马主义,杨森主义,约翰逊主义 |
| STF | 0 | 0 | |a 托馬斯主義,多馬主義,楊森主義,詹森主義 |
| STG | 0 | 0 | |a Jansenismo,Tomismo |
| STH | 0 | 0 | |a Томизм,Янсенизм |
| STI | 0 | 0 | |a Γιανσενισμός,Θωμισμός |
| SUB | |a REL | ||
| SYG | 0 | 0 | |a Pascal, Blaise,1623-1662,Provinzialbriefe über die Sittenlehre und Politik der Jesuiten,Pascal, Blaise,1623-1662,Les provinciales ou lettres éscrites par Louis de Montalte à un provincial de ses amis et aux RR. PP. Jésuites sur le sujet de la morale et de la politique de ces Pères,Pascal, Blaise,1623-1662,Lettres provinciales,Pascal, Blaise,1623-1662,Provinzialbriefe über die Moral und Politik der Jesuiten,Pascal, Blaise,1623-1662,Briefe in die Provinz,Pascal, Blaise,1623-1662,The provincial letters |